Responses for show #8458 - Wednesday, August 4, 2021

Matt Amodio game 11.
Champion's winnings & consolation amounts matched to the Robin Hood Foundation.

Contestants

[<< previous game]

Nicole Yuen, an environmental scientist from Berkeley, California

Kevin Blum, an attorney originally from Boca Raton, Florida

Matt Amodio, a Ph.D. student from New Haven, Connecticut (whose 10-day cash winnings total $362,400)

[next game >>]

Jeopardy! Round responses

AUDIBLE
THE 16th CENTURY
AUTOMOBILES... ASSEMBLE!
(David: We're looking for the name of the maker of each car.)
TALK TO THE HAND
5, MOUNTAIN TIME
LET'S "EET"
    $200 30
Parton

Matt
    $200 26
Elizabeth

Matt
    $200 25
Volkswagen

Matt
    $200 27
the thumb

Nicole
    $200 23
(David: You can see it from Tokyo.)

Mount Fuji

Matt
    $200 20
sleet

Nicole
    $400 29
(Jerry) Seinfeld

Kevin
    $400 7
elephants

Matt
    $400 15
Nissan

Matt
    $400 24
sleight of hand

Kevin
    $400 22
Victoria

Kevin
    $400 19
discreet

Kevin
    $600 28
(Tom) Clancy

Matt
    $600 6
Gonzaga

Triple Stumper
    $600 14
Jaguar

Kevin
    $600 18
wringing your hands

Kevin
    $600 21
(Kevin: What is Germany?)

Norway

MattKevin
    $600 11
crow's feet

Matt
    $800 17
(Matt: What's Clapton?)
...
(David: [*]. Stones.)

Keith Richards

Matt
Triple Stumper
    $1,000 5
(Nicole: What is the missionary system?)

the Inquisition

Nicole
    $800 13
Tesla

Matt
    $800 8
palmistry

Matt
    $800 9
(Mount) Kilimanjaro

Matt
    $800 10
leet

Nicole
    $1000 16
(Matthew) McConaughey

Matt
    $1000 1
Suleiman

Matt
    $1000 12
Subaru

Matt
    $1000 2
ulnar

Matt
    $1000 3
the Laurentians

Triple Stumper
    $1000 4
a broadsheet

Nicole

Scores at the first commercial break (after clue 15):

Matt Kevin Nicole
$6,800 $600 $800

Scores at the end of the Jeopardy! Round:

Matt Kevin Nicole
$9,000 $2,200 $1,200

Double Jeopardy! Round responses

ANTON CHEKHOV
3-LETTER WORDS
HOWDY, SHERIFF
"C" IN SCIENCE
THE CHOSEN FEW
THE FAMOUS MOM
    $400 30
a gun

Kevin
    $400 27
paw

Triple Stumper
    $400 28
the O.K. Corral

Kevin
    $400 11
core & crust

Matt
    $400 26
(Matt: What's reclining?)

a lie-flat bed

MattKevin
    $400 29
(Yoko) Ono

Matt
    $10,000 12
(David: Of course The [*] is the play's title.)

seagull

Matt
    $800 23
cod

Matt
    $800 22
Boardwalk Empire

Matt
    $800 10
cellulose

Kevin
    $800 25
the Hubble

Nicole
    $800 24
(Lisa) Bonet

Matt
    $1200 3
Three Sisters

Matt
    $1200 21
(Matt: What's gin?)

rum

Matt
Triple Stumper
    $1200 13
(Pat) Garrett

Matt
    $1200 1
(Kevin: What is cryogenics?)

cryobiology

MattKevin
    $1200 9
conclave

Kevin
    $1200 14
Melanie Griffith

Triple Stumper
    $1600 2
The Cherry Orchard

Matt
    $1600 20
[NOTE: Matt pronounced it like "Tao" while David added a pronunciation like "Toe".]

tow

Matt
    $1600 8
Buffalo

Matt
    $1600 7
(Nicole: [No response])

cyclamates

Nicole
Triple Stumper
    $1600 6
Pranksters

Matt
    $1600 5
(Kevin: Who is Billy Joel?)
...
(David: Remember, it's moms.)

(Christie) Brinkley

MattKevin
    $2000 4
(Kevin: Who is Kominsky?)

(Konstantin) Stanislavski

MattKevin
    $2000 19
sol

Triple Stumper
    $2000 15
Texas

Matt
    $5,000 16
cesium & cerium

Matt
    $2000 17
the Star Chamber

Triple Stumper
    $2000 18
(Blythe) Danner

Matt

Scores at the end of the Double Jeopardy! Round:

Matt Kevin Nicole
$43,200 $600 $400
(lock game)

[wagering suggestions for these scores]

Final Jeopardy! Round responses

THE DECLARATION OF INDEPENDENCE
(David: [*] speakers, in fact, then made up about a third of Philadelphia's people, and there is, of course, still that Germantown area in Pennsylvania.)
NicoleWhat is German? French
$400
KevinWhat is Dutch?
$201
MattWhat is French?
$37,000
German

Final scores:

Matt Kevin Nicole
$6,200 $399 $0
11-day champion: $368,600 2nd place: $2,000 3rd place: $1,000

Game dynamics:

Coryat scores:

Matt Kevin Nicole
$31,000 $600 $1,400
34 R
(including 2 DDs),
3 W
11 R,
4 W
5 R,
2 W
(including 1 DD)

Combined Coryat: $33,000

The J! Archive is created by fans, for fans. The Jeopardy! game show and all elements thereof, including but not limited to copyright and trademark thereto, are the property of Jeopardy Productions, Inc. and are protected under law. This website is not affiliated with, sponsored by, or operated by Jeopardy Productions, Inc. Join the discussion at JBoard.tv.